[Event "Bunratty Open"]
[Site "Bunratty IRL"]
[Date "2012.02.18"]
[Round "3"]
[White "Duffy, Seamus"]
[Black "Moynihan, Kieran"]
[Result "1/2-1/2"]
[WhiteElo "1999"]
[BlackElo "2167"]
[WhiteFideId "2501708"]
[BlackFideId "2500663"]
[EventDate "2012.02.17"]

1. b3 e5 2. Bb2 Nc6 3. e3 Nf6 4. Bb5 Bd6 5. Nf3 e4 6. Bxc6 dxc6 7. Nd4 O-O 8.
Nc3 a6 9. Nde2 Re8 10. Ng3 c5 11. d3 Bg4 12. Qd2 exd3 13. cxd3 Bxg3 14. hxg3 Qd6
15. Ne2 Rad8 16. O-O-O Qc6 17. f3 Bc8 18. e4 b5 19. Qg5 c4 20. bxc4 bxc4 21. d4
Nxe4 22. fxe4 Qxe4 23. Nc3 Qe3+ 24. Qxe3 Rxe3 25. Rhe1 Rxg3 26. Rd2 Bf5 27. Rf2
Bg6 28. Nd5 h5 29. Ne7+ Kh7 30. Nxg6 c3 31. Ba3 Rxg6 32. Bc5 f6 33. Re3 Rd5 34.
Rxc3 Rdg5 35. Rcc2 Rd5 36. Ba7 Rd7 37. Bc5 Rd5 38. Rce2 Rdg5 39. Rb2 Rg4 40. Kd1
h4 41. Ke1 Rg3 42. Kf1 Rc3 43. Rbc2 Rd3 44. Ke2 Rdg3 45. Kf1 Rd3 46. Ke2 Rdg3 1/2-1/2

[Event "Bunratty Open"]
[Site "Bunratty IRL"]
[Date "2012.02.18"]
[Round "3"]
[White "De Jonge, Henk"]
[Black "Fox, Anthony"]
[Result "1/2-1/2"]
[WhiteElo "1990"]
[BlackElo "2077"]
[WhiteFideId "2502062"]
[BlackFideId "2500736"]
[EventDate "2012.02.17"]

1. d4 d5 2. Nf3 Nf6 3. c4 e6 4. Nc3 Be7 5. Bg5 O-O 6. e3 h6 7. Bh4 b6 8. Qc2 Bb7
9. b3 Nbd7 10. Bd3 c5 11. O-O Rc8 12. Qe2 Ne4 13. Bxe7 Qxe7 14. Bxe4 dxe4 15.
Nd2 f5 16. f3 exf3 17. Nxf3 e5 18. d5 e4 19. Ne1 Qe5 20. Rc1 Rce8 21. g3 Kh7 22.
Ng2 g5 23. Qd2 Rf6 24. Rf2 Ref8 25. Rcf1 Qe7 26. Qc1 Ne5 27. Ne1 Kg7 28. Qc2 Ng4
29. Re2 Qe5 30. Kg2 h5 31. Nd1 h4 32. Qc3 h3+ 33. Kg1 Qxc3 34. Nxc3 Ne5 35. Ref2
Kg6 36. Kh1 Ng4 37. Re2 a6 38. a4 Rd8 39. Kg1 Rdd6 40. Nc2 Bc8 41. Ra1 Ne5 42.
Ne1 Bd7 43. Rf2 Be8 44. Rd2 Kg7 45. Rf2 Ng4 46. Re2 Rf7 47. Raa2 Rb7 48. Ra1 Bh5
49. Raa2 Ne5 50. Rf2 Bg6 51. Ra1 Ng4 52. Re2 Bh5 53. Raa2 Kg6 54. Ra1 Ne5 55.
Rf2 Bf3 56. Nc2 Kh5 57. Ne1 Rg7 58. a5 Rb7 59. Na4 1/2-1/2

[Event "Bunratty Open"]
[Site "Bunratty IRL"]
[Date "2012.02.18"]
[Round "3"]
[White "Magee, Ronan"]
[Black "Osborne, Sam"]
[Result "0-1"]
[WhiteElo "1948"]
[BlackElo "2076"]
[WhiteFideId "2503000"]
[BlackFideId "2501791"]
[EventDate "2012.02.17"]

1. d4 Nf6 2. c4 g6 3. Nf3 Bg7 4. Nc3 O-O 5. e4 d6 6. Be2 e5 7. O-O Nc6 8. d5 Ne7
9. Ne1 Ne8 10. Nd3 f5 11. f3 f4 12. b4 g5 13. Bd2 h5 14. Rc1 Nf6 15. Nf2 Rf7 16.
c5 Ng6 17. cxd6 cxd6 18. Qc2 Rc7 19. Qb3 g4 20. Nd3 Bf8 21. Be1 Rg7 22. Qd1 g3
23. hxg3 fxg3 24. Bxg3 h4 25. Bh2 Nh5 26. Qd2 Be7 27. f4 Nhxf4 28. Bxf4 Nxf4 29.
Nxf4 Bg5 30. Qd3 Bxf4 31. Rb1 h3 32. Bf3 hxg2 33. Bxg2 Qh4 34. Rf2 Rg3 35. Qc2
Be3 36. Nd1 Bxf2+ 37. Nxf2 Qg5 38. Nh1 Qe3+ 39. Kf1 Rg7 40. Rb3 Qd4 41. Rc3 Bg4
42. Qd3 Rf8+ 43. Ke1 Qg1+ 44. Bf1 Qxh1 0-1

[Event "Bunratty Open"]
[Site "Bunratty IRL"]
[Date "2012.02.18"]
[Round "3"]
[White "Quinn, Rory"]
[Black "Mc Morrow, John"]
[Result "1-0"]
[WhiteElo "2074"]
[BlackElo "2028"]
[WhiteFideId "2501643"]
[BlackFideId "2501481"]
[EventDate "2012.02.17"]

1. e4 e5 2. Nc3 Nc6 3. g3 Bc5 4. Bg2 d6 5. Nge2 Nge7 6. O-O h5 7. h3 Be6 8. Kh2
h4 9. g4 Ng6 10. d3 Nd4 11. f4 exf4 12. Nxf4 Nxf4 13. Bxf4 Qd7 14. Qd2 O-O-O 15.
Nd1 d5 16. b4 Bb6 17. c3 Nc6 18. e5 Ne7 19. Nb2 Ng6 20. Bg5 Rde8 21. d4 Kb8 22.
Nd3 c6 23. Kh1 Ka8 24. a4 Bd8 25. Bxd8 Rxd8 26. b5 Rc8 27. Rfb1 Rb8 28. Nc5 Qc8
29. b6 a6 30. Qd3 Nf4 31. Qf1 Nxg2 32. Qxg2 f6 33. exf6 gxf6 34. Re1 Re8 35. Qf1
Bf7 36. Qxf6 Bh5 37. Re7 Qd8 38. Rae1 Rf8 39. Qxc6 Rf1+ 40. Rxf1 Qxe7 41. Qxd5
Qe2 42. Qf3 Qxf3+ 43. Rxf3 Be8 44. Kg1 Bc6 45. Rf7 Re8 46. c4 Rd8 47. d5 Be8 48.
Rf8 Rc8 49. d6 1-0

[Event "Bunratty Open"]
[Site "Bunratty IRL"]
[Date "2012.02.18"]
[Round "3"]
[White "Benson, Oisin P."]
[Black "Doyle, Hugh"]
[Result "0-1"]
[WhiteElo "2005"]
[BlackElo "1910"]
[WhiteFideId "2501821"]
[BlackFideId "2500876"]
[EventDate "2012.02.17"]

1. d4 d5 2. c4 c6 3. Nf3 Nf6 4. e3 e6 5. b3 Be7 6. Bd3 O-O 7. O-O b6 8. Bb2 Bb7
9. Nbd2 Nbd7 10. Ne5 Nxe5 11. dxe5 Nd7 12. f4 Nc5 13. Bc2 f5 14. exf6 Bxf6 15.
Qh5 h6 16. Be5 Qe8 17. Bg6 Qe7 18. Nf3 dxc4 19. bxc4 Ba6 20. Rac1 Rfd8 21. Bxf6
Qxf6 22. Ne5 Rd2 23. Bf7+ Kh8 24. g4 Rxa2 25. g5 Qd8 26. Rcd1 Rd2 27. gxh6 Rxd1
28. hxg7+ Kxg7 29. Qg6+ Kf8 30. Qg8+ Ke7 31. Ng6+ Kf6 32. Qh7 Rxf1+ 33. Kxf1
Bxc4+ 34. Kg2 Qd2+ 35. Kh3 Bf1+ 36. Kg4 Qe2+ 0-1

[Event "Bunratty Open"]
[Site "Bunratty IRL"]
[Date "2012.02.18"]
[Round "3"]
[White "O'Donnell, Conor"]
[Black "O'driscoll, Kieran"]
[Result "0-1"]
[WhiteElo "1780"]
[BlackElo "2104"]
[WhiteFideId "2504243"]
[BlackFideId "2501899"]
[EventDate "2012.02.17"]

1. e4 c5 2. c3 Nf6 3. e5 Nd5 4. Nf3 d6 5. d4 cxd4 6. cxd4 Nc6 7. exd6 Qxd6 8.
Nc3 Bg4 9. Be2 e6 10. O-O Be7 11. Be3 O-O 12. Qb3 Rfd8 13. Rfd1 Rac8 14. a3 Na5
15. Qb5 Nxc3 16. bxc3 b6 17. Qd3 Nc4 18. Bc1 Bf5 19. Qxc4 Rxc4 20. Bxc4 Qc7 21.
Bb5 Qxc3 22. Bd2 Qb3 23. Be2 Bxa3 24. Bc1 Bxc1 25. Rdxc1 a5 26. h3 h6 27. Kh2
Qd5 28. Rd1 Rc8 29. Rd2 Rc3 30. Rb2 Qd6+ 31. Kg1 Rc2 32. Rxc2 Bxc2 33. Rc1 Be4
34. Rd1 Bxf3 35. Bxf3 a4 36. Kf1 a3 37. Ra1 Qxd4 38. Rxa3 Qc4+ 0-1

[Event "Bunratty Open"]
[Site "Bunratty IRL"]
[Date "2012.02.18"]
[Round "4"]
[White "Jones, Gawain C B"]
[Black "Trent, Lawrence"]
[Result "1-0"]
[WhiteTitle "GM"]
[BlackTitle "IM"]
[WhiteElo "2653"]
[BlackElo "2433"]
[WhiteFideId "409561"]
[BlackFideId "408638"]
[EventDate "2012.02.17"]

1. e4 c5 2. d3 Nc6 3. f4 g6 4. Nf3 Bg7 5. Be2 e6 6. O-O Nge7 7. c3 d5 8. a4 c4
9. Na3 O-O 10. Be3 cxd3 11. Bxd3 b6 12. e5 f6 13. exf6 Bxf6 14. Nc2 Nf5 15. Bxf5
exf5 16. Bd4 Nxd4 17. Ncxd4 Qd6 18. Nb5 Qc5+ 19. Rf2 Ba6 20. Nbd4 Rfe8 21. Qd2
Re4 22. b4 Qd6 23. b5 Bb7 24. g3 Rc8 25. Rff1 Qc5 26. Rfc1 Rce8 27. Qf2 Qc7 28.
Qd2 Qc5 29. Kf2 Rc8 30. h4 Rce8 31. Rc2 Qc4 32. Kg2 R4e7 33. Kh3 Kg7 34. Kg2 Re4
35. Qf2 Qd3 36. a5 R8e7 37. axb6 axb6 38. Qd2 Qc4 39. Kf2 Bc8 40. Ra3 Bd7 41.
Rb2 Be8 42. Rb4 Qc5 43. Kg2 Bxb5 44. Ne5 Bxe5 45. fxe5 R4xe5 46. Ra2 Bc4 47.
Rab2 b5 48. h5 Re3 49. Qf2 Qd6 50. Nxb5 Qf6 51. Nd4 Qg5 52. Rb7 Bd3 53. Nf3 Qh6
54. Rxe7+ Rxe7 55. Qd4+ Kf7 56. Qxd5+ Kf6 57. Qxd3 Qc1 58. Qd4+ Kf7 59. hxg6+
hxg6 60. Qd2 Qa1 61. Ng5+ Kf6 62. Qd6+ 1-0

[Event "Bunratty Open"]
[Site "Bunratty IRL"]
[Date "2012.02.18"]
[Round "4"]
[White "Quinn, Mark"]
[Black "Hebden, Mark L"]
[Result "0-1"]
[WhiteTitle "IM"]
[BlackTitle "GM"]
[WhiteElo "2398"]
[BlackElo "2516"]
[WhiteFideId "2500450"]
[BlackFideId "400084"]
[EventDate "2012.02.17"]

1. Nf3 Nf6 2. d4 g6 3. c4 Bg7 4. Nc3 O-O 5. Bg5 c5 6. d5 d6 7. e3 a6 8. Nd2 h6
9. Bh4 e5 10. Bd3 Qe8 11. Qc2 Nh7 12. f3 f5 13. a3 Nd7 14. e4 f4 15. b4 b6 16.
Na4 Bf6 17. Bf2 Bd8 18. Rb1 Rf6 19. bxc5 bxc5 20. Ke2 g5 21. h3 Rg6 22. Nb3 Nhf6
23. Qc3 Rg7 24. Na5 Nh5 25. Nc6 Bc7 26. Rb3 Ng3+ 27. Bxg3 fxg3 28. Qe1 Nb8 29.
Nc3 Nxc6 30. dxc6 Ba5 31. Nd5 Bxe1 32. Nf6+ Kf7 33. Nxe8 Kxe8 34. Rxe1 Rc7 35.
Rb6 Be6 36. Reb1 Rac8 37. Rxa6 Rxc6 38. Ra7 R6c7 39. Ra6 Ke7 40. a4 Rd8 41. a5
Bc8 42. Ra8 Bd7 43. Ra6 Rcc8 44. Rbb6 Be6 45. Ke1 Ra8 46. Rb7+ Bd7 47. Rba7 Rab8
48. Rb6 Rxb6 49. axb6 Rb8 50. Bc2 Kd8 51. Ra6 h5 52. Bd1 h4 53. Bc2 Be6 54. Bd3
Ke7 55. Ra7+ Kd8 56. Ra6 Rb7 57. Be2 Kd7 58. Bd1 Bxc4 59. Ba4+ Ke6 0-1

[Event "Bunratty Open"]
[Site "Bunratty IRL"]
[Date "2012.02.18"]
[Round "4"]
[White "Galego, Luis"]
[Black "Rendle, Thomas E"]
[Result "1/2-1/2"]
[WhiteTitle "GM"]
[BlackTitle "IM"]
[WhiteElo "2481"]
[BlackElo "2393"]
[WhiteFideId "1900072"]
[BlackFideId "408760"]
[EventDate "2012.02.17"]

1. c4 f5 2. Nc3 Nf6 3. d4 d6 4. Nf3 g6 5. g3 Bg7 6. Bg2 O-O 7. O-O Nc6 8. b3 e5
9. dxe5 dxe5 10. Ba3 Re8 11. Qxd8 Rxd8 12. Rad1 Rxd1 13. Rxd1 e4 14. Ng5 h6 15.
Nh3 g5 16. f4 g4 17. Nf2 Be6 18. e3 Ne8 19. Nd5 Kf7 20. Bf1 Rd8 21. Nb4 Rxd1 1/2-1/2

[Event "Bunratty Open"]
[Site "Bunratty IRL"]
[Date "2012.02.18"]
[Round "4"]
[White "Cooper, Lawrence H"]
[Black "Collins, Sam E."]
[Result "1/2-1/2"]
[WhiteTitle "IM"]
[BlackTitle "IM"]
[WhiteElo "2317"]
[BlackElo "2426"]
[WhiteFideId "401536"]
[BlackFideId "2501198"]
[EventDate "2012.02.17"]

1. d4 d5 2. Bf4 c5 3. e3 Nf6 4. c3 Nc6 5. Nd2 a6 6. Bd3 Bg4 7. Ngf3 e6 8. h3 Bh5
9. O-O Bd6 10. dxc5 Bxc5 11. e4 Bd6 12. Bg5 dxe4 13. Nxe4 Be7 14. Bxf6 gxf6 15.
Be2 Rg8 16. Nd4 Bxe2 17. Nxe2 Qc7 18. Qd2 f5 19. N4g3 Bg5 20. f4 Qb6+ 21. Nd4
Nxd4 22. cxd4 Bf6 23. Ne2 Rd8 24. Kh2 Bxd4 25. Nxd4 Rxd4 26. Qc2 Qc6 27. Qxc6+
bxc6 28. Rf2 Kd7 29. Rc1 Kd6 30. Rc3 a5 31. g3 Rb8 32. Kg2 h5 33. h4 Rb5 34.
Rfc2 Rb6 35. Kf2 f6 36. Rf3 Rb5 37. Rfc3 Rb6 38. Rf3 a4 39. b3 c5 40. Ke2 Kd5
41. Rfc3 Rc6 42. Rf3 Ra6 43. Rfc3 Rc6 44. Rf3 Kd6 45. Rb2 Ra6 46. Rc2 Rd5 47.
Rb2 Rd4 48. Rc2 Rb6 49. Rcc3 Kd5 50. Rc2 Rbb4 51. Rfc3 Rb5 52. Rf3 axb3 53. axb3
e5 54. fxe5 fxe5 55. Rxf5 Rxb3 56. Kf2 c4 57. Rxh5 Rg4 58. Re2 Rbxg3 59. Rexe5+
Kd4 60. Rd5+ Kc3 61. Rhg5 Kc2 62. Rxg4 Rxg4 63. h5 c3 64. Rc5 Kd2 65. Kf3 Rd4
66. h6 c2 67. h7 Rh4 68. Rd5+ Kc3 69. Rc5+ Kb3 70. Rb5+ Ka4 71. Rc5 Kb3 72. Rb5+
Ka2 73. Rc5 Kb2 74. Rb5+ Kc3 75. Rc5+ Kd2 76. Rd5+ Ke1 77. Re5+ Kd1 78. Rd5+ Kc1
79. Rd7 Rxh7 80. Rxh7 Kb1 81. Rb7+ Ka1 82. Rc7 Kb1 83. Ke2 c1=R 84. Rxc1+ Kxc1 1/2-1/2

[Event "Bunratty Open"]
[Site "Bunratty IRL"]
[Date "2012.02.18"]
[Round "4"]
[White "Fitzsimons, David"]
[Black "Pein, Malcolm"]
[Result "0-1"]
[BlackTitle "IM"]
[WhiteElo "2260"]
[BlackElo "2382"]
[WhiteFideId "2501961"]
[BlackFideId "400289"]
[EventDate "2012.02.17"]

1. e4 d6 2. d4 g6 3. Nc3 Bg7 4. f4 c6 5. Nf3 Bg4 6. Be3 Qb6 7. Qd2 Bxf3 8. gxf3
Nd7 9. O-O-O Qa5 10. Rg1 e6 11. f5 exf5 12. exf5 Ne7 13. fxg6 hxg6 14. Bf4 O-O-O
15. Kb1 Nf5 16. d5 Bxc3 17. Qxc3 Qxc3 18. bxc3 Ne5 19. dxc6 bxc6 20. Be2 Kc7 21.
Rd2 Rh4 22. Bg3 Rb8+ 23. Ka1 Nxg3 24. hxg3 Rh2 25. Rgd1 f6 26. f4 Nf7 27. Bd3
Rxd2 28. Rxd2 f5 29. g4 fxg4 30. Bxg6 Nh6 31. Rh2 g3 32. Rg2 Rf8 33. Rxg3 Rxf4
34. Rh3 Ng4 35. Rh7+ Kb6 36. Kb2 Ne5 37. Bd3 Rf3 38. Be2 Rf2 39. Bd1 Nc4+ 40.
Kb3 Ne3 41. Rh1 d5 42. Re1 Nc4 43. Be2 Nd6 44. Bd3 Nb7 45. Bg6 Nc5+ 46. Kb2 Rf3
47. Bd3 Rxd3 0-1

[Event "Bunratty Open"]
[Site "Bunratty IRL"]
[Date "2012.02.18"]
[Round "4"]
[White "Donaldson, John W"]
[Black "Arkell, Keith C"]
[Result "1/2-1/2"]
[WhiteTitle "IM"]
[BlackTitle "GM"]
[WhiteElo "2390"]
[BlackElo "2429"]
[WhiteFideId "2000709"]
[BlackFideId "400270"]
[EventDate "2012.02.17"]

1. Nf3 b5 2. e4 Bb7 3. Bxb5 Bxe4 4. O-O Nf6 5. d4 e6 6. c4 Be7 7. Nc3 Bb7 8. Ba4
O-O 9. d5 a5 10. Re1 Na6 11. Bc2 Nc5 12. Nd4 Re8 13. Qf3 a4 14. Be3 Bf8 15. Rad1
Ra6 16. Qh3 g6 17. dxe6 fxe6 18. Bg5 Bg7 19. Ndb5 d6 20. Qh4 Rf8 21. Be3 Nfd7
22. Qxd8 Rxd8 23. Nxc7 Rc6 24. N7b5 Nb6 25. b3 axb3 26. axb3 Nc8 27. Ne4 Na6 28.
Ng5 d5 29. Be4 Ne7 30. Na7 Rcd6 31. c5 R6d7 32. Nxe6 Ra8 33. c6 Nxc6 34. Rxd5
Re7 35. Rd6 Ncb4 36. Bxb7 Rxb7 37. Nxg7 Kxg7 38. Red1 Re8 39. Rd7+ Re7 40. Rxe7+
Rxe7 41. Nc8 Rc7 42. Nd6 Rc6 43. Nc4 Rc7 44. Kf1 Nc2 45. Bb6 Re7 46. Ne3 Ncb4
47. Ke2 Rb7 48. Bd4+ Kf7 49. Nc4 Ke6 50. Ra1 Nb8 51. Ra7 Rb5 52. Rxh7 N4c6 53.
Be3 Rxb3 54. Rg7 Ne7 55. Bg5 Nbc6 56. Bxe7 Nxe7 57. Ne3 Kf6 58. Rh7 Nc6 59. Kf3
Ne5+ 60. Ke4 Nc6 61. Nd5+ Ke6 62. Rg7 Kd6 63. Rxg6+ Kc5 64. Rg5 Kd6 65. h4 Ra3
66. Rg6+ Kc5 67. Rg5 Ra4+ 68. Ke3 Kd6 69. h5 Ne5 70. Nf4 1/2-1/2

[Event "Bunratty Open"]
[Site "Bunratty IRL"]
[Date "2012.02.18"]
[Round "4"]
[White "Astaneh Lopez, Alex"]
[Black "Berry, Neil"]
[Result "1-0"]
[WhiteTitle "IM"]
[BlackTitle "FM"]
[WhiteElo "2414"]
[BlackElo "2308"]
[WhiteFideId "2501430"]
[BlackFideId "2400650"]
[EventDate "2012.02.17"]

1. d4 d5 2. Nf3 Nf6 3. c4 e6 4. g3 Bb4+ 5. Bd2 Be7 6. Bg2 c6 7. O-O Nbd7 8. Nc3
dxc4 9. e4 b6 10. Re1 O-O 11. Qe2 Ba6 12. d5 cxd5 13. exd5 e5 14. Nxe5 Nxe5 15.
Qxe5 Bd6 16. Qd4 Nd7 17. h4 Rc8 18. h5 h6 19. Bh3 Rc7 20. Bxd7 Rxd7 21. Re2 Bc5
22. Qg4 f5 23. Qf3 Bb7 24. Rd1 Bd4 25. Qf4 Bxc3 26. Bxc3 Bxd5 27. Bb4 Qc7 28.
Qxc7 Rxc7 29. Bxf8 Kxf8 30. Re5 Be4 31. f3 Bd3 32. Rd5 Ke7 33. Rd2 Rc8 34. Kf2
a6 35. Ke3 Bb1 36. a3 b5 37. Kd4 Bd3 38. Re5+ Kf6 39. Rc5 1-0

[Event "Bunratty Open"]
[Site "Bunratty IRL"]
[Date "2012.02.18"]
[Round "4"]
[White "Doyle, Hugh"]
[Black "Regan, Natasha K"]
[Result "1/2-1/2"]
[BlackTitle "WIM"]
[WhiteElo "1910"]
[BlackElo "2096"]
[WhiteFideId "2500876"]
[BlackFideId "403067"]
[EventDate "2012.02.17"]

1. c4 e5 2. g3 Nc6 3. Nc3 f5 4. Nf3 e4 5. Nh4 d6 6. d3 Be7 7. Ng2 Nf6 8. Nf4
exd3 9. Qxd3 Ne5 10. Qd4 c6 11. Bg2 h6 12. h4 Bd7 13. b3 Qa5 14. Bb2 O-O-O 15.
h5 Rhe8 16. O-O-O Nh7 17. Kb1 Bf6 18. Qd2 Ng4 19. Rhf1 Ng5 20. Qc2 Ne4 21. Nxe4
fxe4 22. Bxf6 gxf6 23. e3 Bf5 24. Rd4 Nh2 1/2-1/2

[Event "Bunratty Open"]
[Site "Bunratty IRL"]
[Date "2012.02.18"]
[Round "4"]
[White "Short, Philip M"]
[Black "O'Connor, Jonathan"]
[Result "1/2-1/2"]
[WhiteTitle "FM"]
[WhiteElo "2282"]
[BlackElo "2116"]
[WhiteFideId "2500086"]
[BlackFideId "2501112"]
[EventDate "2012.02.17"]

1. d4 Nf6 2. c4 c5 3. e3 g6 4. Nf3 Bg7 5. Be2 O-O 6. O-O cxd4 7. exd4 d5 8. Nc3
Nc6 9. Ne5 dxc4 10. Nxc6 bxc6 11. Bxc4 Nd5 12. Be3 Be6 13. Qe2 Rb8 14. Nxd5 Bxd5
15. Rac1 e6 16. b3 1/2-1/2

[Event "Bunratty Open"]
[Site "Bunratty IRL"]
[Date "2012.02.18"]
[Round "4"]
[White "Osborne, Sam"]
[Black "De Jonge, Henk"]
[Result "1-0"]
[WhiteElo "2076"]
[BlackElo "1990"]
[WhiteFideId "2501791"]
[BlackFideId "2502062"]
[EventDate "2012.02.17"]

1. e4 g6 2. d4 Bg7 3. Nc3 d6 4. Nf3 a6 5. a4 b6 6. Bc4 e6 7. Bg5 Ne7 8. Qd2 h6
9. Be3 Bb7 10. O-O Nd7 11. Rfe1 Ra7 12. Rad1 Nf6 13. d5 e5 14. h3 Nh5 15. Be2 f5
16. exf5 Nxf5 17. Bd3 Kf7 18. g4 Nxe3 19. Bxg6+ Kf8 20. Qxe3 Nf4 21. Nd4 Ra8 22.
Qxf4+ exf4 23. Ne6+ Ke7 24. Nxd8+ Kxd8 25. Rd3 Be5 26. Re4 Bc8 27. Re1 Bd7 28.
b3 Rg8 29. Be4 Ke7 30. f3 Rh8 31. h4 Kf7 32. h5 Rhg8 33. Ne2 a5 34. Bg6+ Kf6 35.
Nd4 Rac8 36. Be4 Rg7 37. Kf1 Rb8 38. Bf5 Bxf5 39. Nxf5 Rh7 40. Nd4 Re8 41. Nc6
Rd7 42. Re4 Rg8 43. Nxe5 dxe5 44. Rc4 Rgg7 45. Rc6+ Rd6 46. Rdc3 e4 47. fxe4
Rxg4 48. Rxc7 Ke5 49. Re7+ Kd4 50. Rd3+ Kc5 51. Rc7+ Kb4 52. e5 Rd8 53. e6 Rdg8
54. Rc4+ Ka3 55. Rf3 Rg1+ 56. Ke2 R8g2+ 57. Rf2 b5 58. Re4 f3+ 59. Kxf3 Rg3+ 60.
Ke2 Rc3 61. Kd2 b4 62. e7 1-0

[Event "Bunratty Open"]
[Site "Bunratty IRL"]
[Date "2012.02.18"]
[Round "4"]
[White "Courtney, John"]
[Black "Quinn, Rory"]
[Result "1/2-1/2"]
[WhiteElo "2132"]
[BlackElo "2074"]
[WhiteFideId "2502380"]
[BlackFideId "2501643"]
[EventDate "2012.02.17"]

1. d4 d5 2. c4 dxc4 3. e4 Nc6 4. Nf3 Nf6 5. Nc3 Bg4 6. e5 Bxf3 7. gxf3 Nd5 8.
Bxc4 e6 9. Nxd5 exd5 10. Bb5 Bb4+ 11. Bd2 O-O 12. Bxc6 Bxd2+ 13. Qxd2 bxc6 14.
h4 c5 15. dxc5 Qe7 16. Qd4 Rab8 17. f4 Rb5 18. Rc1 Rfb8 19. b3 c6 20. Kd2 Rb4
21. Qe3 Re4 22. Qg3 Qe6 23. Rhg1 g6 24. Qg5 Rbb4 25. h5 Rxf4 26. Qd8+ Kg7 27.
h6+ Kxh6 28. Rh1+ Kg7 29. Rxh7+ Kxh7 30. Rh1+ Rh4 31. Rxh4+ Rxh4 32. Qxh4+ Kg7
33. f4 Qf5 34. Ke3 Qe4+ 35. Kd2 Qd4+ 36. Ke2 Qxc5 37. Qf6+ Kg8 38. Qd8+ Qf8 39.
Qd7 Qc5 40. Qd8+ Qf8 41. Qd7 Qa3 42. Qd8+ 1/2-1/2

[Event "Bunratty Open"]
[Site "Bunratty IRL"]
[Date "2012.02.18"]
[Round "4"]
[White "Fox, Anthony"]
[Black "Duffy, Seamus"]
[Result "1-0"]
[WhiteElo "2077"]
[BlackElo "1999"]
[WhiteFideId "2500736"]
[BlackFideId "2501708"]
[EventDate "2012.02.17"]

1. e4 b6 2. d4 Bb7 3. Bd3 e6 4. Nf3 c5 5. c3 cxd4 6. cxd4 Nf6 7. Nc3 Bb4 8. Qe2
Bxc3+ 9. bxc3 Qc7 10. Bd2 d6 11. O-O Nbd7 12. Rfe1 e5 13. Nh4 g6 14. Rac1 O-O
15. Bh6 Rfe8 16. d5 Nh5 17. g3 Qd8 18. Qd2 f6 19. Be2 Ng7 20. Ng2 Nf8 21. h4 Bc8
22. Ne3 Re7 23. Kh2 a6 24. Ng4 Bxg4 25. Bxg4 Qe8 26. Be3 b5 27. c4 bxc4 28. Rxc4
f5 29. Bh3 Rb7 30. Rec1 Rab8 31. Qc3 Rb2 32. Rc2 Rxc2 33. Qxc2 fxe4 34. Qxe4 Qf7
35. Rc6 Nf5 36. Rxa6 Nxe3 37. Qxe3 Qxd5 38. Bg2 Qd1 39. Qf3 Qxf3 40. Bxf3 Kg7
41. Kg2 Rd8 42. Bd5 Kf6 43. a4 Ne6 44. Ra7 h5 45. a5 Rc8 46. Rd7 Rc5 47. Rxd6
Rxa5 48. Rxe6+ Kf5 49. Rd6 e4 50. Bb3 Ra3 51. Bc2 Ke5 52. Rxg6 Ra2 53. Rg5+ Kd4
54. Bxe4 Kxe4 55. Rxh5 1-0

[Event "Bunratty Open"]
[Site "Bunratty IRL"]
[Date "2012.02.18"]
[Round "4"]
[White "Magee, Ronan"]
[Black "Healy, Tom"]
[Result "1/2-1/2"]
[WhiteElo "1948"]
[BlackElo "1983"]
[WhiteFideId "2503000"]
[BlackFideId "2501635"]
[EventDate "2012.02.17"]

1. e4 e5 2. Nf3 Nf6 3. Nxe5 d6 4. Nf3 Nxe4 5. Nc3 Nxc3 6. dxc3 Be7 7. Bf4 Nd7 8.
Qd2 O-O 9. O-O-O Nc5 10. h4 Re8 11. Bc4 Be6 12. Bxe6 Nxe6 13. Be3 Bf8 14. Ng5 h6
15. Nf3 Qd7 16. Kb1 Qa4 17. Rdg1 Nc5 18. g4 Ne4 19. Qd5 c6 20. Qf5 g6 21. Qf4
Bg7 22. Nd4 c5 23. Ne2 Qb5 24. Qf3 Nxc3+ 25. Nxc3 Bxc3 26. Bc1 Bg7 27. c3 Re2
28. Re1 Rae8 29. Rxe2 Rxe2 30. Rd1 Re6 31. Qg3 Qc6 32. Ka1 b5 33. f4 Qe4 34. f5
gxf5 35. gxf5 Qxf5 36. Rxd6 Rxd6 37. Qxd6 Qc2 38. Qd2 Qxd2 39. Bxd2 Bf8 40. Be3
a5 41. a4 bxa4 42. c4 Kg7 43. Ka2 Kf6 44. Ka3 Ke5 45. Kxa4 Ke4 46. Bg1 f5 47.
Kxa5 f4 48. Kb5 f3 49. Kc6 Kd3 50. b3 Kc3 51. Kd5 Kxb3 52. Ke4 Kxc4 53. Kxf3 Kd3
54. Bh2 c4 55. Bf4 c3 56. Kg4 Ke4 57. Bc1 c2 58. Kh5 Kf5 59. Be3 Bg7 60. Bc1 Be5
61. Kxh6 Bf4+ 62. Kh5 Ke4 63. Bb2 Kf5 64. Ba3 c1=Q 65. Bxc1 Bxc1 1/2-1/2

[Event "Bunratty Open"]
[Site "Bunratty IRL"]
[Date "2012.02.19"]
[Round "5"]
[White "Hebden, Mark L"]
[Black "Pein, Malcolm"]
[Result "1/2-1/2"]
[WhiteTitle "GM"]
[BlackTitle "IM"]
[WhiteElo "2516"]
[BlackElo "2382"]
[WhiteFideId "400084"]
[BlackFideId "400289"]
[EventDate "2012.02.17"]

1. d4 Nf6 2. Nf3 e6 3. e3 c5 4. c4 d5 5. cxd5 exd5 6. Bb5+ Bd7 7. Bxd7+ Nbxd7 8.
dxc5 Bxc5 9. O-O O-O 10. Nc3 Nb6 11. b3 Qe7 12. Bb2 Ba3 13. Bxa3 Qxa3 14. Qd4
Rfc8 15. Nb5 Qc5 16. Qxc5 Rxc5 17. Nfd4 Ne8 18. Rac1 Rac8 19. Rxc5 Rxc5 20. Rd1
a6 21. Na3 Nd6 22. Nac2 Ne4 23. Nb4 Kf8 24. f3 Nd6 25. Kf2 Ke7 26. h4 h5 27. Nd3
Rc3 28. Rd2 g6 29. Ne2 Rc8 30. Ndf4 Rc5 31. g3 a5 32. Nd3 Rc8 33. Nef4 Nf5 34.
Nb2 Rc3 35. Na4 Nxa4 36. Nxd5+ Ke6 37. bxa4 Rc4 38. e4 Nd6 39. Nf4+ Ke7 40. Rb2
Rxa4 41. e5 Nc4 42. Rxb7+ Ke8 43. e6 Rxa2+ 44. Ke1 fxe6 45. Nxe6 a4 46. Ng7+ Kd8
47. Ne6+ Ke8 48. Ng7+ Kf8 49. Ne6+ Kg8 50. Rg7+ Kh8 51. Ra7 a3 52. Nf4 Ne5 53.
Kd1 Nxf3 54. Nxg6+ Kg8 55. Nf4 Rd2+ 56. Kc1 a2 57. Nxh5 Rh2 58. Nf6+ Kf8 59. Ng4
Re2 60. h5 Nd4 61. h6 Re1+ 62. Kb2 Re2+ 63. Kc1 Re1+ 64. Kb2 Re2+ 65. Kc1 Re1+
66. Kb2 Re2+ 67. Kc1 Re1+ 68. Kd2 Ra1 1/2-1/2

[Event "Bunratty Open"]
[Site "Bunratty IRL"]
[Date "2012.02.19"]
[Round "5"]
[White "Arkell, Keith C"]
[Black "Cooper, Lawrence H"]
[Result "1-0"]
[WhiteTitle "GM"]
[BlackTitle "IM"]
[WhiteElo "2429"]
[BlackElo "2317"]
[WhiteFideId "400270"]
[BlackFideId "401536"]
[EventDate "2012.02.17"]

1. d4 d5 2. c4 c6 3. Nf3 Nf6 4. Nc3 dxc4 5. a4 Bf5 6. Nh4 Bc8 7. Nf3 Bf5 8. e3
e6 9. Bxc4 Bb4 10. O-O Nbd7 11. h3 h6 12. Qe2 Bh7 13. Rd1 O-O 14. Ne5 Qc7 15.
Nd3 Bd6 16. e4 e5 17. d5 cxd5 18. Bxd5 a6 19. Ba2 Rad8 20. Bd2 Nc5 21. Nxc5 Bxc5
22. Nd5 Nxd5 23. Bxd5 Qe7 24. Rac1 Rc8 25. Rc3 Rc7 26. Rdc1 Rfc8 27. Qg4 Kh8 28.
b4 h5 29. Qxh5 Bxb4 30. Bg5 Qd7 31. Rxc7 Rxc7 32. Rxc7 Qxc7 33. Bxf7 Qc6 34. f3
Bf8 35. Kh2 b5 36. axb5 axb5 37. Be3 Qf6 38. Bd5 g6 39. Qg4 Bg8 40. Bg5 Qd6 41.
Qh4+ Bh7 42. Bf6+ Bg7 43. Be7 Qb6 44. Bb4 Qc7 45. Qg5 Qd7 46. Qc1 Bg8 47. Qc5
Bxd5 48. Qxd5 Qe8 49. Qb7 Kh7 50. Bd6 Kg8 51. Kg3 Qd8 52. Be7 Qe8 53. Qd5+ Kh7
54. Bc5 Bh6 55. Kf2 Bg7 56. Ke2 Qc8 57. Kf2 Qc7 58. Qd6 Qa5 59. Bb4 Qa2+ 60. Kg3
Qc4 61. Qe7 Kg8 62. Bc5 Kh7 63. Qh4+ Kg8 64. Qd8+ Kh7 65. Qd5 Qc1 66. Be7 Qc7
67. Qe6 Qc1 68. Qf7 Qd2 69. h4 b4 70. Kh2 Qd7 71. h5 1-0